00633nam a2200181Ia 4500001000700000008004100007035001600048041001000064084001900074100003600093245019600129260002600325300002200351650001900373650002100392650001600413700002200429008120221003s2002 xx 000 0 spa d aCENDO_11436 aspab aGJ-00012-00028 aFIDALGO VELILLA, José María 0aInvitación de los secretarios generales de CC.OO y UGT para asistir a un acto en el que se expone la posición de los sindicatos ante las medidas adoptadas por el gobierno en el RDL 5/2002 a[S.l. :bs.n.,c2002] a[1] h. ;c 30 cm aHUELGA GENERAL 0aACTITUD SINDICAL aCONFERENCIA aMENDEZ, Cándido